हिन्दुओं के व्रत, पर्व और त्यौहार / (Record no. 65633)
[ view plain ]
| 000 -LEADER | |
|---|---|
| fixed length control field | 00828nam a22001817a 4500 |
| 005 - DATE AND TIME OF LATEST TRANSACTION | |
| control field | 20120425151858.0 |
| 020 ## - INTERNATIONAL STANDARD BOOK NUMBER | |
| Terms of availability | 70.00 |
| International Standard Book Number | 817182935x |
| 035 ## - SYSTEM CONTROL NUMBER | |
| System control number | B-66994 |
| 037 ## - SOURCE OF ACQUISITION | |
| Source of stock number/acquisition | |
| Stock number | dpl |
| 082 ## - DEWEY DECIMAL CLASSIFICATION NUMBER | |
| Classification number | 394.2682 |
| 100 ## - MAIN ENTRY--PERSONAL NAME | |
| Personal name | शर्मा, राजेश |
| 245 1# - TITLE STATEMENT | |
| Title | हिन्दुओं के व्रत, पर्व और त्यौहार / |
| Statement of responsibility, etc | राजेश शर्मा |
| 260 ## - PUBLICATION, DISTRIBUTION, ETC. (IMPRINT) | |
| Place of publication, distribution, etc | नई दिल्ली |
| Name of publisher, distributor, etc | डायमंड पॉकेट बुक्स |
| Date of publication, distribution, etc | 2002 |
| 270 ## - ADDRESS | |
| Address | |
| City | |
| Postal code | |
| Telephone number | |
| 300 ## - PHYSICAL DESCRIPTION | |
| Extent | 268पृ. |
| Dimensions | 22सेमी (अजिल्द) |
| 942 ## - ADDED ENTRY ELEMENTS (KOHA) | |
| Institution code [OBSOLETE] | dpl |
| Item type | Hindi Books |
| Call number prefix | |
| Source of classification or shelving scheme | Dewey Decimal Classification |
| Classification part | 394.2682 |
| Call number suffix | शर्मारा |
| Withdrawn status | Lost status | Not for loan | Collection code | Home library | Current library | Date acquired | Cost, normal purchase price | Full call number | Barcode | Cost, replacement price | Koha item type |
|---|---|---|---|---|---|---|---|---|---|---|---|
| Non-fiction | Sarojini Nagar | Sarojini Nagar | 25/04/2012 | 70.00 | 394.2682 शर्मारा | B-66994 | 70.00 | Hindi Books |
